|
|
|
|
| LEADER |
00000cam a22000004a 4500 |
| 001 |
musev2_44903 |
| 003 |
MdBmJHUP |
| 005 |
20230905044710.0 |
| 006 |
m o d |
| 007 |
cr||||||||nn|n |
| 008 |
150630s2016 ctu o 00 0 eng d |
| 010 |
|
|
|z 2015026031
|
| 020 |
|
|
|a 9780819576019
|
| 020 |
|
|
|z 9780819575999
|
| 035 |
|
|
|a (OCoLC)912873020
|
| 040 |
|
|
|a MdBmJHUP
|c MdBmJHUP
|
| 100 |
1 |
|
|a Gilman, Lisa,
|d 1969-
|e author.
|
| 245 |
1 |
0 |
|a My Music, My War :
|b The Listening Habits of U.S. Troops in Iraq and Afghanistan /
|c Lisa Gilman.
|
| 264 |
|
1 |
|a Middletown, Connecticut :
|b Wesleyan University Press,
|c [2016]
|
| 264 |
|
3 |
|a Baltimore, Md. :
|b Project MUSE,
|c 2016
|
| 264 |
|
4 |
|c ©[2016]
|
| 300 |
|
|
|a 1 online resource (240 pages).
|
| 336 |
|
|
|a text
|b txt
|2 rdacontent
|
| 337 |
|
|
|a computer
|b c
|2 rdamedia
|
| 338 |
|
|
|a online resource
|b cr
|2 rdacarrier
|
| 490 |
0 |
|
|a Music / Culture
|
| 505 |
0 |
|
|a Setting the scene -- Musicking at work and leisure -- Music as a sound track of war -- Music, gender, and the paradox of masculinity -- "Music doesn't judge": managing feelings at war -- Coming home -- Music and political transformation -- As time goes by.
|
| 520 |
|
|
|a Music in the everyday lives of U.S. troops and combat veterans.
|
| 546 |
|
|
|a English.
|
| 588 |
|
|
|a Description based on print version record.
|
| 650 |
|
7 |
|a Music and war.
|2 fast
|0 (OCoLC)fst01030492
|
| 650 |
|
7 |
|a Armed Forces
|x Attitudes.
|2 fast
|0 (OCoLC)fst01351738
|
| 650 |
|
7 |
|a MUSIC
|x Reference.
|2 bisacsh
|
| 650 |
|
7 |
|a MUSIC
|x Genres & Styles
|x Classical.
|2 bisacsh
|
| 650 |
|
0 |
|a Afghan War, 2001-2021
|x Music and the war.
|
| 650 |
|
0 |
|a Iraq War, 2003-2011
|x Music and the war.
|
| 651 |
|
7 |
|a United States.
|2 fast
|0 (OCoLC)fst01204155
|
| 651 |
|
7 |
|a Iraq.
|2 fast
|0 (OCoLC)fst01205757
|
| 651 |
|
7 |
|a Afghanistan.
|2 fast
|0 (OCoLC)fst01205406
|
| 651 |
|
6 |
|a États-Unis
|x Forces armees
|z Afghānistān
|x Attitudes.
|
| 651 |
|
6 |
|a États-Unis
|x Forces armees
|z Irak
|x Attitudes.
|
| 651 |
|
0 |
|a United States
|x Armed Forces
|z Afghanistan
|x Attitudes.
|
| 651 |
|
0 |
|a United States
|x Armed Forces
|z Iraq
|x Attitudes.
|
| 655 |
|
7 |
|a Electronic books.
|2 local
|
| 710 |
2 |
|
|a Project Muse.
|e distributor
|
| 830 |
|
0 |
|a Book collections on Project MUSE.
|
| 856 |
4 |
0 |
|z Texto completo
|u https://projectmuse.uam.elogim.com/book/44903/
|
| 945 |
|
|
|a Project MUSE - Custom Collection
|
| 945 |
|
|
|a Project MUSE - 2016 Complete
|
| 945 |
|
|
|a Project MUSE - 2016 Global Cultural Studies
|